000 00431nam a2200181Ia 4500
001 22281
005 20260414150820.0
008 260414t2007||||xx |||||||||||||| ||spa||
041 _aESP
082 _a621.31
_bB17
100 _aBalabanian, Norman
_eAUT
245 0 _aTeoría de redes eléctricas
_b
260 _c2007
300 _axx, 909 páginas :
_c21 cm.
650 _aTCA
654 _aCET
942 _cLIB
_dJUS
_fJUS
_2ddc
_n
999 _c22281
_d22281